A sofőrhiány kialakulásának okai, megoldási lehetőségei és lehetséges következményei
| Szerző: | |
|---|---|
| További közreműködők: | |
| Dokumentumtípus: | Diplomadolgozat |
| Kulcsszavak: | árufuvarozás áruszállítás elosztás közlekedés logisztika |
| Online Access: | http://dolgozattar.uni-bge.hu/59615 |
MARC
| LEADER | 00000nta a2200000 i 4500 | ||
|---|---|---|---|
| 001 | dolg59615 | ||
| 005 | 20260409145316.0 | ||
| 008 | 260409suuuu hu om 000 hun d | ||
| 040 | |a BGE Dolgozattár Repozitórium |b hun | ||
| 041 | |a hu | ||
| 100 | 1 | |a Balogh Benedek | |
| 245 | 1 | 2 | |a A sofőrhiány kialakulásának okai, megoldási lehetőségei és lehetséges következményei |c Balogh Benedek |h [elektronikus dokumentum] |
| 520 | 3 | |a Témának a sofőrhiányt választottam, részletesen szeretnék foglalkozni a kialakulásának okaival és a megoldási lehetőségeivel. Jelenleg a közúti árufuvarozási ágazatot viszonylag sok probléma és nehézség akadályozza, az egyik legégetőbb a sofőrhiány kérdése. Már több éve jelen van az árufuvarozásban, viszont eddig nem nagyon sikerült enyhíteni. Főként a magyarországi helyzetre fogok koncentrálni a kutatásom során, de azért a nemzetközi szintért se fogom teljesen kihagyni a munkámból, hiszen úgy kaphatom meg a teljes képet. Manapság nagyon nehéz találni olyan embereket, akik szeretnének a kamionos szakmával foglalkozni és alkalmasak is rá. Ez már belföldi fuvarfeladatra is nehéz, viszont nemzetközi fuvarokat vállaló sofőrt még nehezebb. | |
| 695 | |a árufuvarozás | ||
| 695 | |a áruszállítás | ||
| 695 | |a elosztás | ||
| 695 | |a közlekedés | ||
| 695 | |a logisztika | ||
| 700 | 1 | |a Bányai Dr. Kornél |e ths | |
| 856 | 4 | 0 | |u http://dolgozattar.uni-bge.hu/59615/1/Szakdolgozat%20Balogh%20Benedek%20XLKRSK%20sof%C5%91rhi%C3%A1ny%20.pdf |z Dokumentum-elérés |
| 856 | 4 | 0 | |u http://dolgozattar.uni-bge.hu/59615/2/BalogB_BELSO_biralat.pdf |z Dokumentum-elérés |
| 856 | 4 | 0 | |u http://dolgozattar.uni-bge.hu/59615/3/BaloghBenedek_SK.biralat.pdf |z Dokumentum-elérés |